Historia física y política de Chile
Saved in:
| 主要作者: | |
|---|---|
| 格式: | 图书 |
| 语言: | 西班牙语 |
| 出版: |
Santiago, Chile
Cámara Chilena de la Construcción
2007
Santiago, Chile Pontificia Universidad Católica de Chile 2007 Santiago, Chile Dirección de Bibliotecas, Archivos y Museos 2007 |
| 版: | Primera edición |
| 丛编: | Biblioteca Fundamentos de la Construcción de Chile
|
| 主题: | |
| 标签: |
添加标签
没有标签, 成为第一个标记此记录!
|
MARC
| LEADER | 00000cam a2200000 a 4500 | ||
|---|---|---|---|
| 001 | UCC0004 | ||
| 003 | CL-VaPUC | ||
| 005 | 20250327093507.0 | ||
| 008 | 170713e20070000cl |||||||||||||||||spa|d | ||
| 999 | |c 369002 |d 369000 | ||
| 020 | |a 9789568306083 (o.c) | ||
| 020 | |a 9789568306090 (t.1) | ||
| 020 | |a 9789568306106 (t.2) | ||
| 020 | |a 9789568306113 (t.3) | ||
| 020 | |a 9789568306124 (t.4) | ||
| 020 | |a 9789568306137 (t.5) | ||
| 020 | |a 9789568306151 (t.7) | ||
| 020 | |a 9789568306168 (t.8) | ||
| 040 | |c Pontificia Universidad Católica de Valparaíso | ||
| 082 | 0 | 4 | |a 983 GAY 2007 |2 21 |
| 100 | |a Gay, Claudio, |e 1800-1873 |9 435569 | ||
| 245 | 1 | 0 | |a Historia física y política de Chile |
| 250 | |a Primera edición | ||
| 260 | |a Santiago, Chile |b Cámara Chilena de la Construcción |c 2007 | ||
| 260 | |a Santiago, Chile |b Pontificia Universidad Católica de Chile |c 2007 | ||
| 260 | |a Santiago, Chile |b Dirección de Bibliotecas, Archivos y Museos |c 2007 | ||
| 300 | |a tomos | ||
| 490 | 0 | |a Biblioteca Fundamentos de la Construcción de Chile | |
| 583 | |a last modification |c 20170713 16:08:00 |k Rodrigo Vera | ||
| 650 | 7 | |a DESCUBRIMIENTO DE CHILE |2 CL-VaPUC |9 593953 | |
| 650 | 0 | |a Colonización española |z CHILE |9 256592 | |
| 650 | 0 | |a Guerra de Arauco |z CHILE |9 267618 | |
| 852 | |a BIBCUR | ||
| 942 | |c BK |2 ddc | ||
| 945 | |d 20170713 16:08:00 |a dcastane | ||
| 952 | |0 0 |1 0 |3 erb |4 0 |6 983_000000000000000_GAY_2007_2007_2007 |7 0 |8 A |9 484517 |a BIBHIS |b BIBHIS |h t.1 |i 5408679 |o 983 GAY 2007 2007 2007 |p 5408679 |r 2025-01-20 |w 2019-11-24 |y BK |z Catalogado en:20170713 |k HIS | ||
| 952 | |0 0 |1 0 |3 erb |4 0 |6 983_000000000000000_GAY_2007_2007_2007 |7 0 |8 A |9 484518 |a BIBHIS |b BIBHIS |h t.2 |i 5408652 |o 983 GAY 2007 2007 2007 |p 5408652 |r 2025-01-20 |w 2019-11-24 |y BK |z Catalogado en:20170713 |k HIS | ||
| 952 | |0 0 |1 0 |3 erb |4 0 |6 983_000000000000000_GAY_2007_2007_2007 |7 0 |8 A |9 484519 |a BIBHIS |b BIBHIS |h t.3 |i 5408644 |o 983 GAY 2007 2007 2007 |p 5408644 |r 2025-01-20 |w 2019-11-24 |y BK |z Catalogado en:20170713 |k HIS | ||
| 952 | |0 0 |1 0 |3 erb |4 0 |6 983_000000000000000_GAY_2007_2007_2007 |7 0 |8 A |9 484520 |a BIBHIS |b BIBHIS |h t.4 |i 5408741 |o 983 GAY 2007 2007 2007 |p 5408741 |r 2025-01-20 |w 2019-11-24 |y BK |z Catalogado en:20170713 |k HIS | ||
| 952 | |0 0 |1 0 |3 erb |4 0 |6 983_000000000000000_GAY_2007_2007_2007 |7 0 |8 A |9 484521 |a BIBHIS |b BIBHIS |h t.5 |i 5408709 |o 983 GAY 2007 2007 2007 |p 5408709 |r 2025-01-20 |w 2019-11-24 |y BK |z Catalogado en:20170713 |k HIS | ||
| 952 | |0 0 |1 0 |3 erb |4 0 |6 983_000000000000000_GAY_2007_2007_2007 |7 0 |8 A |9 484522 |a BIBHIS |b BIBHIS |h t.7 |i 5408733 |o 983 GAY 2007 2007 2007 |p 5408733 |r 2025-01-20 |w 2019-11-24 |y BK |z Catalogado en:20170713 |k HIS | ||
| 952 | |0 0 |1 0 |3 erb |4 0 |6 983_000000000000000_GAY_2007_2007_2007 |7 0 |8 A |9 484523 |a BIBHIS |b BIBHIS |h t.8 |i 5408725 |o 983 GAY 2007 2007 2007 |p 5408725 |r 2025-01-20 |w 2019-11-24 |y BK |z Catalogado en:20170713 |k HIS | ||